Մեծ եղեռնի պատգամ : (Record no. 99112)
[ view plain ]
| 000 -LEADER | |
|---|---|
| fixed length control field | 01566nam a2200229 a 4500 |
| 001 - CONTROL NUMBER | |
| control field | 000273002 |
| 003 - CONTROL NUMBER IDENTIFIER | |
| control field | AM-YEHGA |
| 005 - DATE AND TIME OF LATEST TRANSACTION | |
| control field | 20251210135027.0 |
| 008 - FIXED-LENGTH DATA ELEMENTS--GENERAL INFORMATION | |
| fixed length control field | 031016s1970 le c gr 000 0|arm d |
| 040 ## - CATALOGING SOURCE | |
| Original cataloging agency | AM-YEHGA |
| Transcribing agency | AM-YEHGA |
| 041 0# - LANGUAGE CODE | |
| Language code of text/sound track or separate title | arm |
| 100 1# - MAIN ENTRY--PERSONAL NAME | |
| Personal name | Արամյան, Հայկ Փանոսի, |
| Dates associated with a name | 1889-1974 |
| 9 (RLIN) | 2225 |
| 245 10 - TITLE STATEMENT | |
| Title | Մեծ եղեռնի պատգամ : |
| Remainder of title | Հայոց տանթէական : Քաւարան եւ հրաշալի յարութիւն / |
| Statement of responsibility, etc. | Հայկ Ա. Արամեան (Ուլնիածովք). |
| 260 ## - PUBLICATION, DISTRIBUTION, ETC. | |
| Place of publication, distribution, etc. | Պէյրութ : |
| Name of publisher, distributor, etc. | Տօնիկեան, |
| Date of publication, distribution, etc. | 1970. |
| 300 ## - PHYSICAL DESCRIPTION | |
| Extent | 230 էջ : |
| Other physical details | դիմանկ. ; |
| Dimensions | 25 սմ. |
| 500 ## - GENERAL NOTE | |
| General note | Տիտղոսաթերթին՝ Նախապէս իբրեւ թերթօն հրատարակուած «Արեւ» օրաթերթին մէջ : Յանուն մէկուկէս միլիոն հայ զոհերուն յաւիտենական բուռն բողոք 1915ի երիտթուրք իթթիհատական ցեղասպան ոճրագործ կառավարութեան դէմ : Բողոք մշտնջենի նաեւ համաձայնական տէրութեանց խոստումնադրուժ անվերջ արարքներուն դէմ ։ |
| 500 ## - GENERAL NOTE | |
| General note | Գիրքը թվայնացվել է Հայաստանի ազգային գրադարանում։ |
| 650 14 - SUBJECT ADDED ENTRY--TOPICAL TERM | |
| Topical term or geographic name entry element | Հայոց ցեղասպանություն |
| Chronological subdivision | 1915-1923 |
| Form subdivision | Անձնական պատմություններ |
| 9 (RLIN) | 5101 |
| 650 14 - SUBJECT ADDED ENTRY--TOPICAL TERM | |
| Topical term or geographic name entry element | Հայոց պատմություն |
| 856 41 - ELECTRONIC LOCATION AND ACCESS | |
| Uniform Resource Identifier | <a href="http://haygirk.nla.am/upload/1941-/hayoc_tanteakan_1970.pdf">http://haygirk.nla.am/upload/1941-/hayoc_tanteakan_1970.pdf</a> |
| Link text | Կարդալ առցանց |
| 942 ## - ADDED ENTRY ELEMENTS (KOHA) | |
| Source of classification or shelving scheme | Universal Decimal Classification |
| Koha item type | Գրքեր / Books |
| Withdrawn status | Lost status | Source of classification or shelving scheme | Damaged status | Not for loan | Collection | Home library | Current library | Date acquired | Total checkouts | Full call number | Barcode | Date last seen | Price effective from | Koha item type | Public note |
|---|---|---|---|---|---|---|---|---|---|---|---|---|---|---|---|
| Universal Decimal Classification | General | Fundamental Scientific Library | Fundamental Scientific Library | 22/12/2016 | AII/77925 | 220077925 | 22/12/2016 | 22/12/2016 | Գրքեր / Books | 30 Days Loan | |||||
| Universal Decimal Classification | General | Fundamental Scientific Library | Fundamental Scientific Library | 22/12/2016 | AII/77926 | 220077926 | 22/12/2016 | 22/12/2016 | Գրքեր / Books | 30 Days Loan | |||||
| Universal Decimal Classification | General | Fundamental Scientific Library | Fundamental Scientific Library | 22/12/2016 | AII/77924 | FL0202173 | 22/12/2016 | 22/12/2016 | Գրքեր / Books | 30 Days Loan | |||||
| Universal Decimal Classification | Zhamkochyan Individual collection | Fundamental Scientific Library | Fundamental Scientific Library | 11/09/2025 | Ժամ/1382 | FL0694579 | 11/09/2025 | 08/10/2025 | Գրքեր / Books | ILL Non-Circ. |
ՀՀ Գիտությունների ազգային ակադեմիայի հիմնարար գիտական գրադարան = Fundamental Scientific Library of NAS RA
All site content, except where otherwise noted, is licensed under a